| 000 | 00954nam2a2200241 4500 | ||
|---|---|---|---|
| 001 | rc\2643239 | ||
| 005 | 20110607122833.6 | ||
| 035 | _a(NLR Aleph) 007201428 | ||
| 090 |
_a13627535 _c13627535 |
||
| 100 | _a20110607d1929 |||y0rusy50 ca | ||
| 101 | 0 | _arus | |
| 102 | _aRU | ||
| 105 | _ay z ||||| | ||
| 200 | 1 |
_aНаследственное право _fС.И. Раевич, Б.М. Рубинштейн |
|
| 210 | _d1929 | ||
| 461 | 0 |
_1001rc\2643232 _12001#$aГражданский кодекс РСФСР$eНаучный комментарий (с учетом Гражд. код. союзных респ.) Вып. 1-$fПод ред. С.М. Прушицкого и С.И. Раевича$gРАНИОН. Ин-т советского права$vВып. 21 |
|
| 701 | 1 |
_aРаевич _bС. И. |
|
| 701 | 1 |
_aРубинштейн _bБ. М. |
|
| 801 | 0 |
_aRU _bNLR _gpsbo |
|
| 801 | 1 |
_aRU _bELAR _2rusmarc |
|
| 852 |
_aNLR _j40/4043 |
||
| 942 | _cBOOK | ||
| 980 | _aNB | ||